|
|
|
|
| LEADER |
00000cac a2200000 a 4500 |
| 001 |
46629-5 |
| 003 |
Ucuenca |
| 005 |
20230323062842.0 |
| 008 |
000000|1966 sp |||||r|||||||||||spa|| |
| 040 |
|
|
|b spa
|
| 041 |
1 |
|
|a spa
|
| 082 |
0 |
|
|a 910
|
| 110 |
1 |
|
|a Editorial Marín
|9 7921
|
| 245 |
|
|
|a Asia, Africa y Oceanía
|c Editorial Marín
|h imp
|
| 264 |
|
|
|a Barcelona
|b Marín
|c 1966
|
| 300 |
|
|
|a xii, 604 páginas:
|b ilu
|c 27 cm
|
| 490 |
|
|
|a Nueva Geografía Marín
|n tomo 5
|
| 505 |
0 |
|
|a Asia -- Extremo Oriente -- Corea -- Japón -- Turquía -- Africa -- El mediterráneo Africano -- Marruecos -- Africa meridional.
|
| 650 |
1 |
|
|a Asia
|9 9379
|
| 650 |
1 |
7 |
|a Estiramientos
|9 4370
|
| 650 |
1 |
|
|a Oceania
|9 9067
|
| 650 |
1 |
|
|a Afganistan
|9 65187
|
| 650 |
1 |
|
|a Iran
|9 7798
|
| 650 |
1 |
|
|a Turquiasiria
|9 183408
|
| 650 |
1 |
|
|a Libano
|9 183409
|
| 650 |
1 |
|
|a Israel
|9 9115
|
| 650 |
1 |
|
|a Jordania
|9 183410
|
| 650 |
1 |
|
|a Arabia
|9 16547
|
| 650 |
1 |
|
|a Arabia saudi
|9 183411
|
| 650 |
1 |
|
|a Yemen
|9 183412
|
| 650 |
1 |
|
|a Kuwait
|9 183413
|
| 852 |
|
|
|a UC-CDJBV
|f Compra
|l 1
|m Limitada
|p 00000000
|t 46629-5
|b 1
|d CDRC
|e CDRC
|g 910 TERCER PISO
|z 0000-00-00
|
| 942 |
|
|
|
| 999 |
|
|
|c 112780
|d 112780
|